[Event "Titled Tuesday intern op 11th Mar Late"]
[Site "Chess.com INT"]
[Date "2025.03.11"]
[Round "6"]
[White "Burmakin, Vladimir"]
[Black "Bauml, Broderick Kenneth"]
[Result "1-0"]
[WhiteElo "2435"]
[BlackElo "2140"]
[PlyCount "57"]
[EventDate "2025.03.11"]
[EventType "swiss (blitz)"]
[EventRounds "11"]
[EventCountry "USA"]
[SourceTitle "CB12_2025"]
[SourceDate "2025.03.19"]
[SourceVersion "1"]
[SourceVersionDate "2025.03.19"]
[SourceQuality "1"]

1. c4 c5 2. g3 g6 3. Bg2 Bg7 4. h4 h5 5. Nh3 Nh6 6. Nf4 Nf5 7. Nc3 Nc6 8. Rb1 d6 9. a3 a5 10. d3 0-0 11. Bd2 Qd7 12. Ncd5 Ra6 13. Bc3 Bxc3+ 14. bxc3 Kg7 15. Bh3 e6 16. Nb6 Qd8 17. Nxc8 Qxc8 18. 0-0 Nce7 19. Bg2 b6 20. Rb5 e5 21. Nh3 d5 22. cxd5 Nxd5 23. Qb3 Nd6 24. Bxd5 Qxh3 25. Rxb6 Rxb6 26. Qxb6 Nf5 27. Qxc5 f6 28. Rb1 Kh6 29. Qxf8+ 1-0

[Event "Titled Tuesday intern op 21st Jan Late"]
[Site "Chess.com INT"]
[Date "2025.01.21"]
[Round "6"]
[White "Abrashkin, Boris Vladimirovich"]
[Black "Bauml, Broderick Kenneth"]
[Result "1-0"]
[WhiteElo "2407"]
[BlackElo "2068"]
[PlyCount "41"]
[EventDate "2025.01.21"]
[EventType "swiss (blitz)"]
[EventRounds "11"]
[EventCountry "USA"]
[SourceTitle "CB05_2025"]
[SourceDate "2025.01.29"]
[SourceVersion "1"]
[SourceVersionDate "2025.01.29"]
[SourceQuality "1"]

1. d4 Nf6 2. c4 c5 3. d5 b5 4. cxb5 a6 5. e3 e6 6. dxe6 fxe6 7. Nc3 d5 8. Nf3 Bd6 9. e4 dxe4 10. Ng5 Bb7 11. bxa6 Nxa6 12. Nxe6 Qe7 13. Bb5+ Kf7 14. Ng5+ Kg6 15. h4 h6 16. h5+ Kf5 17. g4+ Nxg4 18. Nd5 Qe5 19. Bd7+ Qe6 20. Bxe6+ Ke5 21. Bf4# 1-0

[Event "Dulles Skyline op 3rd"]
[Site "Dulles"]
[Date "2024.10.13"]
[Round "7"]
[White "Bauml, Broderick Kenneth"]
[Black "Tyrrell, Benjamin"]
[Result "1-0"]
[WhiteElo "1992"]
[BlackElo "1855"]
[PlyCount "78"]
[EventDate "2024.10.10"]
[EventType "swiss"]
[EventRounds "9"]
[EventCountry "USA"]
[SourceTitle "CB43_2024"]
[Source "Chessbase"]
[SourceDate "2024.10.23"]
[SourceVersion "1"]
[SourceVersionDate "2024.10.23"]
[SourceQuality "1"]

1. e4 c5 2. Nc3 Nc6 3. Bb5 Nd4 4. Nf3 a6 5. Bd3 g6 6. b4 d6 7. Rb1 Nf6 8. h3 Bg7 9. 0-0 0-0 10. Re1 Nd7 11. Bf1 Ne5 12. Nxe5 Bxe5 13. bxc5 dxc5 14. Na4 Bc7 15. d3 b5 16. Nc3 Be6 17. a3 Qd7 18. Ne2 Nxe2+ 19. Qxe2 Be5 20. Bh6 Rfd8 21. f4 Bd4+ 22. Kh1 Bc3 23. Red1 Ba2 24. Rbc1 Qc7 25. g3 Qa5 26. f5 Qxa3 27. h4 Bb2 28. h5 Bxc1 29. Rxc1 Qc3 30. Qg4 Rd6 31. Bg2 Rad8 32. Bg5 f6 33. Bf4 g5 34. Bxd6 Rxd6 35. h6 a5 36. e5 Qxe5 37. c4 Rxd3 38. Qh5 Rd8 39. Bd5+ Kh8 1-0

[Event "Dulles Skyline op 3rd"]
[Site "Dulles"]
[Date "2024.10.10"]
[Round "1"]
[White "Bauml, Broderick Kenneth"]
[Black "Doddapaneni, Viyaan Krishna"]
[Result "0-1"]
[WhiteElo "1992"]
[BlackElo "1789"]
[PlyCount "62"]
[EventDate "2024.10.10"]
[EventType "swiss"]
[EventRounds "9"]
[EventCountry "USA"]
[SourceTitle "CB43_2024"]
[Source "Chessbase"]
[SourceDate "2024.10.23"]
[SourceVersion "1"]
[SourceVersionDate "2024.10.23"]
[SourceQuality "1"]

1. e4 e5 2. Nf3 Nc6 3. d4 exd4 4. Nxd4 Nf6 5. Nxc6 bxc6 6. e5 Nd5 7. c4 Nb6 8. Bd3 d5 9. exd6 cxd6 10. Qf3 Qc7 11. b3 Be6 12. Bb2 d5 13. cxd5 Bb4+ 14. Kf1 Nxd5 15. Na3 0-0-0 16. Rc1 Kb7 17. Nc4 Qf4 18. Be2 Rhe8 19. a3 Bd6 20. Na5+ Ka8 21. Qd3 Bg4 22. f3 Ne3+ 23. Kg1 Bc5 24. Qxd8+ Rxd8 25. Rxc5 Nd1 26. Nc4 Nxb2 27. Rxc6 Nxc4 28. Rxc4 Qe3+ 29. Kf1 Bf5 30. Re4 Bxe4 31. fxe4 Qc1+ 0-1

[Event "Northeast Ohio op"]
[Site "Twinsburg"]
[Date "2024.09.22"]
[Round "5"]
[White "Budisavljevic, Luka"]
[Black "Bauml, Broderick Kenneth"]
[Result "1-0"]
[WhiteElo "2481"]
[BlackElo "1978"]
[PlyCount "127"]
[EventDate "2024.09.20"]
[EventType "swiss"]
[EventRounds "5"]
[EventCountry "USA"]
[SourceTitle "EXT 2025"]
[Source "ChessBase"]
[SourceDate "2024.10.14"]
[SourceVersion "1"]
[SourceVersionDate "2024.10.14"]
[SourceQuality "1"]

1. Nf3 c5 2. c4 g6 3. d4 cxd4 4. Nxd4 Nc6 5. e4 Nf6 6. Nc3 d6 7. f3 Bg7 8. Be3 0-0 9. Be2 Bd7 10. 0-0 Nxd4 11. Bxd4 a5 12. b3 Bc6 13. Qd2 Nd7 14. Be3 Nc5 15. Rab1 Qb6 16. Rfc1 Rfc8 17. Rc2 h5 18. Kh1 Qd8 19. Bf1 Kh7 20. Rd1 Qf8 21. Qe1 Bh6 22. Bf2 Bg7 23. Be3 Bh6 24. Bg1 Bg7 25. Nd5 Bxd5 26. exd5 Rc7 27. Rb1 Qh8 28. Qd2 Kg8 29. Re1 Kf8 30. Be3 Bf6 31. Qd1 Bg7 32. Qb1 Bd4 33. Bf4 Bc3 34. Rd1 Bg7 35. Qc1 Be5 36. Be3 Bg7 37. Re1 Bf6 38. Qd1 Bg7 39. Bf2 Bf6 40. f4 Bg7 41. Qf3 Bf6 42. g3 Bg7 43. h3 Bf6 44. Bg1 h4 45. g4 Bd4 46. Bh2 Qf6 47. Rd1 g5 48. Bg2 e5 49. dxe6 Nxe6 50. fxg5 Qxf3 51. Bxd6+ Ke8 52. Bxf3 Rd7 53. Ba3 Nxg5 54. Bxb7 Rxb7 55. Re2+ Ne6 56. Rxd4 Rd8 57. Rd5 Rbd7 58. Ree5 Rc8 59. Rxd7 Kxd7 60. Rxa5 Nf4 61. Rf5 Nxh3 62. Kg2 Ra8 63. Kxh3 Rxa3 64. Rxf7+ 1-0

[Event "Titled Tuesday intern op 06th Aug Early"]
[Site "Chess.com INT"]
[Date "2024.08.06"]
[Round "8"]
[White "Bach, Matthias"]
[Black "Bauml, Broderick Kenneth"]
[Result "0-1"]
[WhiteElo "2205"]
[BlackElo "1997"]
[PlyCount "126"]
[EventDate "2024.08.06"]
[EventType "swiss (blitz)"]
[EventRounds "11"]
[EventCountry "USA"]
[SourceTitle "EXT 2025"]
[Source "ChessBase"]
[SourceDate "2024.10.14"]
[SourceVersion "1"]
[SourceVersionDate "2024.10.14"]
[SourceQuality "1"]

1. d4 Nf6 2. c4 c5 3. d5 b5 4. a4 b4 5. Nd2 g6 6. e4 d6 7. Bd3 Bg7 8. Ne2 0-0 9. 0-0 a5 10. Rb1 e5 11. dxe6 Bxe6 12. b3 Nc6 13. Nf3 Ng4 14. Bb2 Bxb2 15. Rxb2 Nge5 16. Nxe5 Nxe5 17. f4 Ng4 18. Qd2 f5 19. h3 Nf6 20. Ng3 fxe4 21. Nxe4 Nxe4 22. Bxe4 Ra7 23. Qd3 Qf6 24. Rd2 Rd7 25. Re2 Bf5 26. Qd5+ Kg7 27. Bxf5 Qxf5 28. Qc6 Rff7 29. Rd2 Qf6 30. Qd5 Rfe7 31. Kh2 Qf7 32. f5 Qxd5 33. Rxd5 Rf7 34. g4 gxf5 35. Rfxf5 Rxf5 36. Rxf5 Rf7 37. Rg5+ Kf6 38. Rd5 Ke6 39. Kg3 Rf1 40. Rd3 Rc1 41. Kf3 Rh1 42. Ke4 Re1+ 43. Re3 Rc1 44. Kf4+ Kf6 45. g5+ Kf7 46. h4 Rc3 47. Ke4 Kg6 48. Rxc3 bxc3 49. Kd3 Kh5 50. Kxc3 Kxh4 51. Kd3 Kxg5 52. Ke4 h5 53. Kd5 h4 54. Kxd6 h3 55. Kxc5 h2 56. Kb5 h1Q 57. c5 Qb1 58. c6 Qxb3+ 59. Ka6 Qc4+ 60. Kb7 Qxa4 61. c7 Qb5+ 62. Ka7 Qc5+ 63. Kb7 a4 0-1

[Event "Titled Tuesday intern op 06th Aug Early"]
[Site "Chess.com INT"]
[Date "2024.08.06"]
[Round "7"]
[White "Bauml, Broderick Kenneth"]
[Black "Tan, Jun Ying"]
[Result "0-1"]
[WhiteElo "1997"]
[BlackElo "2330"]
[PlyCount "48"]
[EventDate "2024.08.06"]
[EventType "swiss (blitz)"]
[EventRounds "11"]
[EventCountry "USA"]
[SourceTitle "EXT 2025"]
[Source "ChessBase"]
[SourceDate "2024.10.14"]
[SourceVersion "1"]
[SourceVersionDate "2024.10.14"]
[SourceQuality "1"]

1. e4 c5 2. Nc3 Nc6 3. Bb5 Nd4 4. Nf3 a6 5. Bd3 g6 6. b4 Nxf3+ 7. Qxf3 cxb4 8. Nd5 Bg7 9. Rb1 e6 10. Ne3 Ne7 11. Rxb4 0-0 12. 0-0 d5 13. exd5 exd5 14. Ba3 Re8 15. Bb2 d4 16. Bc4 Be6 17. Bxe6 fxe6 18. Ng4 Rf8 19. Qxb7 Nd5 20. Rb3 h5 21. Qc6 Qc8 22. Qd6 hxg4 23. Re1 Nf4 24. Rg3 Qxc2 0-1

[Event "Titled Tuesday intern op 30th Jul Early"]
[Site "Chess.com INT"]
[Date "2024.07.30"]
[Round "1"]
[White "Bauml, Broderick Kenneth"]
[Black "Fiorito, Joaquin"]
[Result "0-1"]
[WhiteElo "2024"]
[BlackElo "2393"]
[PlyCount "102"]
[EventDate "2024.07.30"]
[EventType "swiss (blitz)"]
[EventRounds "11"]
[EventCountry "USA"]
[SourceTitle "EXT 2025"]
[Source "ChessBase"]
[SourceDate "2024.10.14"]
[SourceVersion "1"]
[SourceVersionDate "2024.10.14"]
[SourceQuality "1"]

1. e4 e5 2. Nf3 Nc6 3. d4 exd4 4. Nxd4 Qf6 5. Nf3 Bc5 6. Nc3 Nge7 7. Nb5 Kd8 8. c3 h6 9. Be2 d6 10. 0-0 Ng6 11. Nbd4 Bd7 12. Be3 Bb6 13. Qd2 Re8 14. Bd3 Nge5 15. Nxe5 Nxe5 16. Rfe1 Qg6 17. Kh1 Nxd3 18. Qxd3 Ke7 19. Nf5+ Kf8 20. Bxb6 axb6 21. Ng3 Kg8 22. Re3 Bc6 23. a3 Ra5 24. Rae1 Qf6 25. Nf5 Rae5 26. f3 h5 27. Nd4 Bd7 28. Rf1 d5 29. Rfe1 c5 30. Nc2 dxe4 31. Rxe4 Bf5 32. Rxe5 Rxe5 33. Qd2 Bxc2 34. Rxe5 Qxe5 35. f4 Qe7 36. g3 Be4+ 37. Kg1 Bc6 38. Kf2 Qd7 39. Qe3 g6 40. Qe5 Qd5 41. Qb8+ Kg7 42. Ke3 Qe4+ 43. Kd2 Qg2+ 44. Kd3 Be4+ 45. Ke3 Qf3+ 46. Kd2 Qd3+ 47. Ke1 Qe3+ 48. Kf1 Bd3+ 49. Kg2 Qe2+ 50. Kh3 Bf5+ 51. Kh4 Qg4# 0-1

[Event "Titled Tuesday intern op 30th Jul Early"]
[Site "Chess.com INT"]
[Date "2024.07.30"]
[Round "9"]
[White "Harish, Neeraj"]
[Black "Bauml, Broderick Kenneth"]
[Result "1-0"]
[WhiteElo "2123"]
[BlackElo "2024"]
[PlyCount "103"]
[EventDate "2024.07.30"]
[EventType "swiss (blitz)"]
[EventRounds "11"]
[EventCountry "USA"]
[SourceTitle "EXT 2025"]
[Source "ChessBase"]
[SourceDate "2024.10.14"]
[SourceVersion "1"]
[SourceVersionDate "2024.10.14"]
[SourceQuality "1"]

1. c4 e6 2. g3 f5 3. Nf3 Nf6 4. Bg2 c6 5. d4 d5 6. 0-0 Bd6 7. Nc3 0-0 8. Bf4 Ne4 9. Bxd6 Qxd6 10. Ne5 Nd7 11. c5 Qe7 12. Nd3 Nxc3 13. bxc3 e5 14. e3 e4 15. Nf4 g5 16. Ne2 Rf6 17. c4 dxc4 18. Qc2 Nf8 19. Qxc4+ Be6 20. Qc2 Ng6 21. f3 exf3 22. Bxf3 Bd5 23. Bxd5+ cxd5 24. Qb3 Kg7 25. Rae1 Re6 26. Nc1 Re8 27. Qxd5 Rxe3 28. Rxe3 Qxe3+ 29. Kh1 f4 30. Qxb7+ Re7 31. Qb2 fxg3 32. hxg3 Qxg3 33. d5+ Kh6 34. Qh2+ Qxh2+ 35. Kxh2 Nf4 36. d6 Re3 37. Rxf4 gxf4 38. d7 Rc3 39. d8Q Rxc1 40. Qh4+ Kg7 41. Qg4+ Kh8 42. Qxf4 Rc2+ 43. Kg1 Kg7 44. Qg5+ Kh8 45. Qf6+ Kg8 46. c6 Rc1+ 47. Kf2 Rc2+ 48. Ke1 Rc1+ 49. Kd2 Rc5 50. Qd8+ Kg7 51. Qe7+ Kg6 52. Qxc5 1-0

[Event "Titled Tuesday intern op 30th Jul Early"]
[Site "Chess.com INT"]
[Date "2024.07.30"]
[Round "2"]
[White "Korshunov, Sergey And"]
[Black "Bauml, Broderick Kenneth"]
[Result "1-0"]
[WhiteElo "2361"]
[BlackElo "2024"]
[PlyCount "81"]
[EventDate "2024.07.30"]
[EventType "swiss (blitz)"]
[EventRounds "11"]
[EventCountry "USA"]
[SourceTitle "EXT 2025"]
[Source "ChessBase"]
[SourceDate "2024.10.14"]
[SourceVersion "1"]
[SourceVersionDate "2024.10.14"]
[SourceQuality "1"]

1. d4 Nf6 2. c4 e6 3. g3 c5 4. d5 d6 5. Nc3 exd5 6. cxd5 g6 7. Bg2 Bg7 8. Nf3 0-0 9. 0-0 Re8 10. Nd2 a6 11. a4 Nbd7 12. Nc4 Qc7 13. Bf4 Ne5 14. Bxe5 dxe5 15. a5 Nd7 16. d6 Qd8 17. Nd5 Rb8 18. Ne7+ Kh8 19. h4 Bf8 20. Nd5 Re6 21. Nc7 Rf6 22. Qd5 b5 23. axb6 Nxb6 24. Nxb6 Rxb6 25. Na8 Bb7 26. Qxe5 Bxd6 27. Qc3 Bxg2 28. Nxb6 Bxf1 29. Rxf1 Kg8 30. Rd1 Re6 31. Nc4 Qe7 32. Rd3 Be5 33. Qd2 Bd4 34. e3 Bf6 35. Rd7 Qf8 36. Qd5 Re7 37. Rd6 Bg7 38. Rxa6 Re8 39. Rd6 Rc8 40. Rd7 h5 41. Nd6 1-0

[Event "Titled Tuesday intern op 09th Jul Late"]
[Site "Chess.com INT"]
[Date "2024.07.09"]
[Round "4"]
[White "Bauml, Broderick Kenneth"]
[Black "Cofre Archibold, Nestor"]
[Result "1-0"]
[WhiteElo "2024"]
[BlackElo "2226"]
[PlyCount "45"]
[EventDate "2024.07.09"]
[EventType "swiss (blitz)"]
[EventRounds "11"]
[EventCountry "USA"]
[SourceTitle "EXT 2025"]
[Source "ChessBase"]
[SourceDate "2024.10.14"]
[SourceVersion "1"]
[SourceVersionDate "2024.10.14"]
[SourceQuality "1"]

1. e4 c5 2. Nc3 Nc6 3. Bb5 Nd4 4. Nf3 Nxb5 5. Nxb5 d5 6. exd5 a6 7. Nc3 Nf6 8. d4 Nxd5 9. dxc5 Nxc3 10. Qxd8+ Kxd8 11. bxc3 f6 12. Be3 e5 13. Nd2 Kc7 14. 0-0-0 Be6 15. f4 Bxa2 16. c4 Rd8 17. Kb2 Rxd2 18. Rxd2 Bxc4 19. Rhd1 exf4 20. Bxf4+ Kc6 21. Rd8 Rg8 22. Rc8+ Kb5 23. Rdd8 1-0

[Event "Titled Tuesday intern op 09th Jul Late"]
[Site "Chess.com INT"]
[Date "2024.07.09"]
[Round "8"]
[White "Bauml, Broderick Kenneth"]
[Black "Shapiro, Viktor"]
[Result "1-0"]
[WhiteElo "2024"]
[BlackElo "2074"]
[PlyCount "165"]
[EventDate "2024.07.09"]
[EventType "swiss (blitz)"]
[EventRounds "11"]
[EventCountry "USA"]
[SourceTitle "EXT 2025"]
[Source "ChessBase"]
[SourceDate "2024.10.14"]
[SourceVersion "1"]
[SourceVersionDate "2024.10.14"]
[SourceQuality "1"]

1. e4 Nf6 2. e5 Nd5 3. d4 d6 4. Nf3 Bg4 5. Be2 e6 6. 0-0 Be7 7. c4 Nb6 8. exd6 cxd6 9. Nc3 0-0 10. Be3 d5 11. c5 Bxf3 12. gxf3 Nc8 13. f4 g6 14. Kh1 Nc6 15. f5 gxf5 16. Bh6 Kh8 17. Bxf8 Qxf8 18. Bb5 Nb8 19. Rg1 a6 20. Ba4 Bf6 21. Rg2 Ne7 22. Qd2 Nbc6 23. Bxc6 Nxc6 24. Ne2 Ne7 25. Rag1 Ng6 26. Nf4 Qe7 27. Qe3 Rg8 28. Qh3 Bxd4 29. Rxg6 fxg6 30. Nxg6+ Rxg6 31. Rxg6 Qf7 32. Rg3 Bxc5 33. Rc3 Bd4 34. Rc8+ Kg7 35. Qg3+ Qg6 36. Rc7+ Kg8 37. Qd6 Bg7 38. Qd8+ Bf8 39. Rc8 Qf7 40. Rc7 Qg6 41. Qd6 f4 42. Qxf4 Qb1+ 43. Kg2 Qg6+ 44. Qg3 Qxg3+ 45. hxg3 b5 46. Rc6 Kf7 47. Rxa6 b4 48. Ra7+ Kg6 49. Kf3 h5 50. a4 bxa3 51. bxa3 Bc5 52. Ra8 e5 53. a4 e4+ 54. Kg2 d4 55. a5 d3 56. Rd8 Kf7 57. Rd5 Ke6 58. Rxc5 d2 59. Rxh5 d1Q 60. Rh6+ Kf5 61. Rb6 Qf3+ 62. Kg1 Qa3 63. Rh6 e3 64. Rh5+ Kg4 65. Rh4+ Kf3 66. Rf4+ Ke2 67. fxe3 Qxe3+ 68. Kg2 Qa3 69. Rf5 Qa4 70. Kh3 Qe4 71. g4 Qh1+ 72. Kg3 Qg1+ 73. Kh4 Qh2+ 74. Kg5 Qc7 75. a6 Qc1+ 76. Kg6 Qa3 77. Rf6 Qa4 78. g5 Ke3 79. Kg7 Qa5 80. g6 Qe5 81. a7 Qa1 82. Kh7 Qxa7+ 83. g7 1-0

[Event "Titled Tuesday intern op 09th Jul Late"]
[Site "Chess.com INT"]
[Date "2024.07.09"]
[Round "9"]
[White "Manvelyan, Mikayel"]
[Black "Bauml, Broderick Kenneth"]
[Result "0-1"]
[WhiteElo "2289"]
[BlackElo "2024"]
[PlyCount "190"]
[EventDate "2024.07.09"]
[EventType "swiss (blitz)"]
[EventRounds "11"]
[EventCountry "USA"]
[SourceTitle "EXT 2025"]
[Source "ChessBase"]
[SourceDate "2024.10.14"]
[SourceVersion "1"]
[SourceVersionDate "2024.10.14"]
[SourceQuality "1"]

1. e4 c5 2. c3 Nf6 3. e5 Nd5 4. d4 cxd4 5. Nf3 d6 6. Bc4 Nb6 7. Bb3 Nc6 8. exd6 Qxd6 9. Nxd4 Nxd4 10. cxd4 Be6 11. 0-0 Bxb3 12. Qxb3 e6 13. Nc3 Be7 14. Nb5 Qd7 15. Nxa7 Nd5 16. Nb5 0-0 17. Nc3 Bf6 18. Be3 Rfc8 19. Nxd5 Qxd5 20. Qxd5 exd5 21. Rfc1 g6 22. a3 b5 23. Kf1 Rc4 24. Ke2 Rac8 25. Kd3 Kf8 26. b3 Rxc1 27. Rxc1 Ra8 28. Ra1 Be7 29. a4 Ra6 30. Bd2 bxa4 31. bxa4 Bd8 32. Kc2 Rc6+ 33. Kb3 Rb6+ 34. Kc2 Rc6+ 35. Kd3 Ra6 36. a5 Ke7 37. Kc2 Kd6 38. Kb3 Bf6 39. Bc3 h5 40. Ka4 Rc6 41. Bb4+ Kd7 42. Kb5 Bxd4 43. Rd1 Bxf2 44. Rxd5+ Kc7 45. Bd2 Kb7 46. Bf4 Rf6 47. Be5 Rf5 48. a6+ Ka8 49. Kc6 Ka7 50. Kb5 f6 51. Rd7+ Ka8 52. a7 Rxe5+ 53. Ka6 Re6+ 54. Kb5 Rb6+ 55. Ka5 Rb7 56. Rd6 Bh4 57. Ka6 Rxa7+ 58. Kb6 Rb7+ 59. Ka6 Bf2 60. Rd8+ Rb8 61. Rd6 f5 62. Rxg6 Rf8 63. h3 h4 64. Kb5 Bg3 65. Kc4 f4 66. Kd5 f3 67. gxf3 Rxf3 68. Kc6 Rf2 69. Kb6 Rh2 70. Rg8+ Bb8 71. Kc6 Rxh3 72. Kb6 Rb3+ 73. Kc6 h3 74. Rg1 Ra3 75. Rh1 h2 76. Kb6 Ba7+ 77. Kc6 Bg1 78. Kc7 Ka7 79. Kc6 Rc3+ 80. Kd5 Kb6 81. Ke4 Rc5 82. Kf3 Kc6 83. Kg2 Kd5 84. Kf3 Rc3+ 85. Kf4 Rc4+ 86. Kf3 Ke5 87. Kg3 Kf5 88. Kf3 Rc3+ 89. Kg2 Kg4 90. Rxh2 Bxh2 91. Kh1 Bb8 92. Kg2 Rc2+ 93. Kf1 Kf3 94. Ke1 Bf4 95. Kd1 Rc1# 0-1

[Event "Titled Tuesday intern op 09th Jul Late"]
[Site "Chess.com INT"]
[Date "2024.07.09"]
[Round "5"]
[White "Medhus, Vitus Bondo"]
[Black "Bauml, Broderick Kenneth"]
[Result "1-0"]
[WhiteElo "2310"]
[BlackElo "2024"]
[PlyCount "47"]
[EventDate "2024.07.09"]
[EventType "swiss (blitz)"]
[EventRounds "11"]
[EventCountry "USA"]
[SourceTitle "EXT 2025"]
[Source "ChessBase"]
[SourceDate "2024.10.14"]
[SourceVersion "1"]
[SourceVersionDate "2024.10.14"]
[SourceQuality "1"]

1. d4 Nf6 2. Nc3 d5 3. Bf4 a6 4. e3 b5 5. Bd3 e6 6. Nf3 Bb7 7. 0-0 c5 8. dxc5 Nbd7 9. Ne5 Nxc5 10. Ne2 Bd6 11. Nd4 Qc7 12. Bxb5+ axb5 13. Nxb5 Qb6 14. Nxd6+ Qxd6 15. Nxf7 e5 16. Nxd6+ Ke7 17. Bxe5 Bc6 18. Nf5+ Ke6 19. Nxg7+ Kf7 20. Bxf6 d4 21. Bxd4 Rhg8 22. Qh5+ Kf8 23. Qxc5+ Kf7 24. Qxc6 1-0

[Event "Titled Tuesday intern op 09th Jul Late"]
[Site "Chess.com INT"]
[Date "2024.07.09"]
[Round "10"]
[White "Sek, Konstantin"]
[Black "Bauml, Broderick Kenneth"]
[Result "1/2-1/2"]
[WhiteElo "2385"]
[BlackElo "2024"]
[PlyCount "261"]
[EventDate "2024.07.09"]
[EventType "swiss (blitz)"]
[EventRounds "11"]
[EventCountry "USA"]
[SourceTitle "EXT 2025"]
[Source "ChessBase"]
[SourceDate "2024.10.14"]
[SourceVersion "1"]
[SourceVersionDate "2024.10.14"]
[SourceQuality "1"]

1. e4 c5 2. Nf3 Nc6 3. Bb5 g6 4. 0-0 Bg7 5. Re1 Nf6 6. e5 Nd5 7. Nc3 Nc7 8. Bxc6 dxc6 9. h3 h6 10. d3 0-0 11. a4 a5 12. Be3 b6 13. Qd2 Kh7 14. Rad1 Ne6 15. Ne4 Nd4 16. Nxd4 cxd4 17. Bf4 c5 18. b3 Bb7 19. f3 Qd5 20. Qf2 Rae8 21. Qh4 f5 22. Nd2 Qe6 23. Nc4 Kg8 24. Bxh6 Kf7 25. Bxg7 Kxg7 26. Qf4 Rh8 27. Nd2 Rh5 28. Nf1 Reh8 29. Ng3 Rh4 30. Qg5 f4 31. Ne2 Qf7 32. e6 Qf6 33. Qxf6+ Kxf6 34. Kf2 Bd5 35. Rd2 Bxe6 36. Nc1 Bf5 37. Rde2 e6 38. Rh1 R4h7 39. Ree1 g5 40. Rhg1 Rb7 41. Ne2 Rbh7 42. Ra1 Rb7 43. Rge1 Rbh7 44. Ng1 Rd7 45. Re2 Rb8 46. Ree1 b5 47. axb5 Rxb5 48. Ra3 Ra7 49. Rea1 Ke5 50. Ne2 Kd5 51. Ke1 Kc6 52. Kd2 Kb6 53. h4 e5 54. hxg5 Rg7 55. Rh1 Rxg5 56. Rh6+ Rg6 57. Rxg6+ Bxg6 58. Ra1 Ka6 59. Rh1 Rb6 60. Rh8 Bf5 61. g4 fxg3 62. Nxg3 Bd7 63. Ne4 Kb5 64. Rh5 Re6 65. Rg5 Bc6 66. Ng3 Bxf3 67. Nf5 Bc6 68. Ng3 e4 69. dxe4 Bxe4 70. Nh5 Rh6 71. Nf4 Rh2+ 72. Ke1 Rxc2 73. Ne6 Rb2 74. Nxd4+ Kb4 75. Ne6 Kxb3 76. Nxc5+ Kc4 77. Nxe4 Kd3 78. Nc5+ Ke3 79. Rg3+ Kd4 80. Nb3+ Kc4 81. Nxa5+ Kd4 82. Nb3+ Ke4 83. Nd2+ Kf4 84. Rd3 Rb8 85. Ke2 Rh8 86. Rd4+ Ke5 87. Nf3+ Ke6 88. Ke3 Ra8 89. Re4+ Kf5 90. Re5+ Kf6 91. Rc5 Ra3+ 92. Kf4 Ra4+ 93. Ke3 Ra3+ 94. Ke4 Ra4+ 95. Nd4 Kg6 96. Rc6+ Kg5 97. Rc5+ Kg4 98. Ke5 Ra1 99. Rc4 Re1+ 100. Kf6 Kg3 101. Nf5+ Kf3 102. Rc3+ Ke4 103. Rc4+ Kd5 104. Rd4+ Kc5 105. Rd2 Rf1 106. Ke5 Re1+ 107. Kf4 Rf1+ 108. Ke4 Re1+ 109. Ne3 Kc6 110. Rc2+ Kd7 111. Kd4 Rh1 112. Nd5 Rh4+ 113. Kc5 Rh5 114. Re2 Rg5 115. Re7+ Kd8 116. Rb7 Rg1 117. Kd6 Rg6+ 118. Ke5 Rg1 119. Ke6 Rg6+ 120. Nf6 Kc8 121. Rh7 Rg1 122. Kd6 Rd1+ 123. Nd5 Kb8 124. Kc6 Rc1+ 125. Kd6 Rd1 126. Rh8+ Kb7 127. Rh7+ Ka6 128. Kc6 Rc1+ 129. Kd6 Rd1 130. Rh4 Kb5 131. Rb4+ 1/2-1/2

[Event "Titled Tuesday intern op 25th Jun Early"]
[Site "Chess.com INT"]
[Date "2024.06.25"]
[Round "6"]
[White "Bauml, Broderick Kenneth"]
[Black "Piddubna, Bozhena"]
[Result "1/2-1/2"]
[WhiteElo "2024"]
[BlackElo "2171"]
[PlyCount "138"]
[EventDate "2024.06.25"]
[EventType "swiss (blitz)"]
[EventRounds "11"]
[EventCountry "USA"]
[SourceTitle "EXT 2025"]
[Source "ChessBase"]
[SourceDate "2024.10.14"]
[SourceVersion "1"]
[SourceVersionDate "2024.10.14"]
[SourceQuality "1"]

1. e4 e5 2. Nf3 Nc6 3. d4 exd4 4. Nxd4 Nf6 5. Nxc6 bxc6 6. e5 Qe7 7. Qe2 Nd5 8. h4 a5 9. c4 Ba6 10. g3 Nb6 11. b3 0-0-0 12. Bg2 Re8 13. Bb2 f6 14. 0-0 fxe5 15. Qd2 Bb7 16. Qxa5 Qc5 17. Qa7 Na8 18. Qxc5 Bxc5 19. Nc3 Bd4 20. Na4 Bxb2 21. Nxb2 c5 22. Rfd1 d6 23. Na4 Nb6 24. Nxb6+ cxb6 25. Bxb7+ Kxb7 26. Rxd6 Kc7 27. Rad1 Re7 28. Kg2 Ra8 29. R1d2 Rxa2 30. Rxa2 Kxd6 31. Kf3 e4+ 32. Ke3 Ke5 33. Rd2 Rf7 34. Rd5+ Ke6 35. Rd8 Rf3+ 36. Kxe4 Rxb3 37. Rb8 Rb4 38. Kd3 Rb3+ 39. Kc2 Rf3 40. Rxb6+ Ke5 41. Rb7 Kd4 42. Rxg7 Rxf2+ 43. Kd1 Kxc4 44. Rxh7 Rg2 45. Rg7 Kd3 46. Ke1 c4 47. Kf1 Ra2 48. Rd7+ Ke3 49. Rc7 Kd3 50. h5 Rh2 51. g4 Rh4 52. Rg7 c3 53. Kf2 c2 54. Kg3 c1Q 55. Kxh4 Qe1+ 56. Kg5 Qe5+ 57. Kg6 Qe6+ 58. Kh7 Ke4 59. h6 Ke5 60. g5 Qf5+ 61. Rg6 Qf7+ 62. Rg7 Qf5+ 63. Kg8 Qc8+ 64. Kf7 Qd7+ 65. Kg6 Qf5+ 66. Kh5 Qh3+ 67. Kg6 Qf5+ 68. Kh5 Qh3+ 69. Kg6 Qf5+ 1/2-1/2

[Event "Titled Tuesday intern op 25th Jun Early"]
[Site "Chess.com INT"]
[Date "2024.06.25"]
[Round "10"]
[White "Bauml, Broderick Kenneth"]
[Black "Shubenkova, Veronika"]
[Result "0-1"]
[WhiteElo "2024"]
[BlackElo "2030"]
[PlyCount "108"]
[EventDate "2024.06.25"]
[EventType "swiss (blitz)"]
[EventRounds "11"]
[EventCountry "USA"]
[SourceTitle "EXT 2025"]
[Source "ChessBase"]
[SourceDate "2024.10.14"]
[SourceVersion "1"]
[SourceVersionDate "2024.10.14"]
[SourceQuality "1"]

1. e4 c6 2. d4 d5 3. exd5 cxd5 4. Bd3 Nc6 5. c3 Nf6 6. Bf4 g6 7. Nf3 Bg7 8. 0-0 0-0 9. Ne5 Nxe5 10. Bxe5 Re8 11. Nd2 Bd7 12. Re1 Qb6 13. Qb3 Qxb3 14. axb3 a6 15. b4 Rac8 16. Nb3 Bf8 17. Nc5 Bc6 18. Re2 Nd7 19. Nxd7 Bxd7 20. Bc2 f6 21. Bf4 Kf7 22. Bb3 Bc6 23. Rae1 e6 24. h4 Bb5 25. Re3 Bc4 26. Ba4 Bb5 27. Bxb5 axb5 28. Ra1 Ra8 29. Ree1 Ke7 30. Bc7 Kd7 31. Bb6 Kc6 32. Ba7 Bd6 33. Ra2 b6 34. Rea1 Bc7 35. g3 Kb7 36. Kg2 e5 37. Kf3 exd4 38. cxd4 Re4 39. h5 Rxd4 40. hxg6 hxg6 41. Ke3 Rxb4 42. b3 Rxb3+ 43. Kd4 Be5+ 44. Kxd5 Bxa1 45. Rxa1 Rxa7 46. Rh1 Rd3+ 47. Ke6 b4 48. Kxf6 Rf3+ 49. Kxg6 Rxf2 50. Rb1 Ra4 51. g4 b3 52. Rxb3 Rxg4+ 53. Kh5 Rg1 54. Rh3 Rf8 0-1